Statistics for Countries of the Indian Subcontinent in 1525

Click here to take the quiz!

General Stats

  • This quiz has been taken 301 times
  • The average score is 9 of 24

Answers on the Map

Answers color-coded by a green-red scale on the quiz's map according to % correct below.
 

Answer Stats

TypeTerritories% Correct
European PossessionGoa
83%
SultanateBengal
81%
EmpireDelhi
78%
RegionKashmir
69%
SultanateGujarat
65%
EmpireBabur Mughal
63%
KingdomSindh
56%
KingdomOrissa
45%
EmpireVijayanagar
44%
RegionRajput
43%
KingdomKandy
39%
RegionGondwana
27%
SultanateMalwa
25%
KingdomKotte
23%
SultanateBijapur
18%
KingdomJaffna
18%
SultanateGolconda
17%
SultanateAhmadnagar
16%
KingdomMultan
16%
SultanateBerar
12%
SultanateBidar
11%
SultanateKhandesh
11%
KingdomRaigama
4%
KingdomSitawaka
4%

Score Distribution

Percentile by Number Answered

Percent of People with Each Score

Your Score History

You have not taken this quiz